Belarus : (Record no. 7445)

MARC details
000 -LEADER
fixed length control field 00855nam a22002177a 4500
003 - CONTROL NUMBER IDENTIFIER
control field OSt
005 - DATE AND TIME OF LATEST TRANSACTION
control field 20260115064911.0
008 - FIXED-LENGTH DATA ELEMENTS--GENERAL INFORMATION
fixed length control field 260115b |||||||| |||| 00| 0 eng d
020 ## - INTERNATIONAL STANDARD BOOK NUMBER
International Standard Book Number 0-8213-3976-1
040 ## - CATALOGING SOURCE
Original cataloging agency DWC-Main Lib
Transcribing agency OC
082 ## - DEWEY DECIMAL CLASSIFICATION NUMBER
Classification number Circ. 338.947 B426 1997
245 ## - TITLE STATEMENT
Title Belarus :
Remainder of title prices, markets, and enterprise reform
260 ## - PUBLICATION, DISTRIBUTION, ETC.
Place of publication, distribution, etc. Washington, D.C. :
Name of publisher, distributor, etc. The International Bank for Reconstruction and Development/The World Bank,
Date of publication, distribution, etc. c1997
300 ## - PHYSICAL DESCRIPTION
Extent xiii, 226 pages ;
Dimensions 27 cm.
504 ## - BIBLIOGRAPHY, ETC. NOTE
Bibliography, etc. note Includes bibliographical references.
650 ## - SUBJECT ADDED ENTRY--TOPICAL TERM
Source of heading or term Economic Stabilization - Belarus.
650 ## - SUBJECT ADDED ENTRY--TOPICAL TERM
Source of heading or term Belarus - Economic conditions - 1991-- Statistics.
650 ## - SUBJECT ADDED ENTRY--TOPICAL TERM
Source of heading or term Belarus - Economic conditions - 1991.
710 ## - ADDED ENTRY--CORPORATE NAME
Corporate name or jurisdiction name as entry element The World Bank Country Study
942 ## - ADDED ENTRY ELEMENTS (KOHA)
Source of classification or shelving scheme Dewey Decimal Classification
Koha item type Book Circulation
Classification part Circ. 338.947 B426 1997
Call number prefix Circ.
Suppress in OPAC No
952 ## - LOCATION AND ITEM INFORMATION (KOHA)
--
Holdings
Withdrawn status Lost status Source of classification or shelving scheme Damaged status Not for loan Home library Current library Shelving location Date acquired Source of acquisition Total Checkouts Full call number Barcode Date last seen Copy number Price effective from Koha item type Uniform Resource Identifier
    Dewey Decimal Classification     College Library College Library Circulation 08/01/2005 Donation   Circ. 338.947 B426 1997 CL42162 01/15/2026 c1 01/15/2026 BK-CIRC